Największe miasta w Polsce z dwuczłonową nazwą - Statystyki

Ogólne statystyki
  • Ten quiz został rozwiązany 2 154 razy
  • Średni wynik to 9 z 15
Statystyki odpowiedzi
Miejsce Nazwa Liczba miszkańców Województwo % Poprawnych
2. Zielona Góra 139 819 lubuskie
91%
4. Gorzów Wielkopolski 124 295 lubuskie
84%
1. Bielsko-Biała 171 505 śląskie
82%
8. Jelenia Góra 80 072 dolnośląskie
70%
7. Nowy Sącz 84 041 małopolskie
70%
9. Piotrków Trybunalski 74 312 łódzkie
68%
5. Dąbrowa Górnicza 121 121 śląskie
65%
15. Kędzierzyn-Koźle 61 661 opolskie
65%
3. Ruda Śląska 138 578 śląskie
63%
11. Ostrowiec Świętokrzyski 69 852 świetokrzyskie
50%
6. Jastrzębie-Zdrój 89 590 śląskie
49%
13. Tomaszów Mazowiecki 63 238 łódzkie
48%
10. Ostrów Wielkopolski 72 364 wielkopolskie
47%
14. Stalowa Wola 61 903 podkarpackie
47%
12. Siemianowice Śląskie 67 523 śląskie
44%
Nie znaleziono quizów pasujących do podanych kryteriów
Rozkład punktacji
Procent ludzi z każdym wynikiem
Percentyl według liczby udzielonych odpowiedzi
Twoja historia wyników
Nie rozwiązałeś tego quizu